Let's eat! / (Record no. 8890)

MARC details
000 -LEADER
fixed length control field 01019nam a22002897a 4500
001 - CONTROL NUMBER
control field 8890
003 - CONTROL NUMBER IDENTIFIER
control field FISKH
005 - DATE AND TIME OF LATEST TRANSACTION
control field 20251030093039.0
008 - FIXED-LENGTH DATA ELEMENTS--GENERAL INFORMATION
fixed length control field 251030b cb ||||| |||| 00| 0 eng d
020 ## - INTERNATIONAL STANDARD BOOK NUMBER
International Standard Book Number 9781403734280
040 ## - CATALOGING SOURCE
Original cataloging agency FISKH
Language of cataloging eng
Transcribing agency FISKH
Modifying agency FISKH
050 ## - LIBRARY OF CONGRESS CALL NUMBER
Classification number PZ8.A4185 L
082 ## - DEWEY DECIMAL CLASSIFICATION NUMBER
Classification number 813
100 ## - MAIN ENTRY--PERSONAL NAME
Personal name Allen, Constance
245 ## - TITLE STATEMENT
Title Let's eat! /
Statement of responsibility, etc. by Constance Allen ; Illustrated by David Prebenna
260 ## - PUBLICATION, DISTRIBUTION, ETC.
Place of publication, distribution, etc. Franklin :
Name of publisher, distributor, etc. Dalmatian,
Date of publication, distribution, etc. 2007.
300 ## - PHYSICAL DESCRIPTION
Extent 24 unnumbered pages :
Other physical details color illustrations ;
Dimensions 21 cm
490 ## - SERIES STATEMENT
Series statement Sesame Street
505 ## - FORMATTED CONTENTS NOTE
Formatted contents note J<br/>
520 ## - SUMMARY, ETC.
Summary, etc. Cookie Monster is having a dinner party and needs someone to help him shop for groceries, set the table, cook dinner, make dessert, and eat, eat, eat! Perfect for any Thanksgiving promotion.
521 8# - TARGET AUDIENCE NOTE
Target audience note 430<br/>
Source Lexile estimate<br/>
521 8# - TARGET AUDIENCE NOTE
Target audience note J<br/>
Source Raz-Plus<br/>
650 ## - SUBJECT ADDED ENTRY--TOPICAL TERM
Topical term or geographic name entry element Thanksgiving
Form subdivision Juvenile picture book
General subdivision Cookie Monster
700 ## - ADDED ENTRY--PERSONAL NAME
Personal name Prebenna, David
Relator term illustrator
942 ## - ADDED ENTRY ELEMENTS (KOHA)
Source of classification or shelving scheme Dewey Decimal Classification
Koha item type Books
Suppress in OPAC No
Holdings
Withdrawn status Lost status Source of classification or shelving scheme Damaged status Not for loan Collection Home library Current library Shelving location Date acquired Total Checkouts Full call number Barcode Date last seen Copy number Price effective from Koha item type
    Dewey Decimal Classification     Juvenile Fiction Footprints International School Library Network Toul Tom Poung Campus Footprints International School Library Network Toul Tom Poung Campus TTP Primary Dark Blue Bookshelves 10/30/2025   ALL 813 PZ8.A4185 L FISBK057012 10/30/2025 1 10/30/2025 Books